NCAA Football Multiple National Championships Since 1869- Sudden Death - Statistics

General Stats
  • This quiz has been taken 492 times
  • The average score is 6 of 20
Answers on the Grid
Answers color-coded by a green-red scale on the quiz's grid according to % correct below.
Arizona St
Arkansas
Army
Auburn
Brigham Young (BYU)
Cal- Berkeley
Chicago
Clemson
Colorado
Cornell
Florida
Georgia Tech
Harvard
Illinois
Indiana
Iowa
Kansas
Maryland
Minnesota
Mississippi
Navy
Northwestern
Notre Dame
Oklahoma
Oregon
Penn St
Pennsylvania
Pittsburgh
Princeton
Purdue
Rutgers
Stanford
Texas
Texas A&M
Texas Christian (TCU)
UCLA
USC
Vanderbilt
Washington
Yale
 
Answer Stats
Answer % Correct
1981, 2016, 18 Clemson
62%
1996, 2006, 08 Florida
58%
1957*, 2010 Auburn
52%
1963, 69, 70, 2005, Texas
47%
1919*, 24, 29, 30*, 43, 46, 47, 49, 64*, 66*, 73*, 77, 88, Notre Dame
45%
1931, 32, 62, 67, 72, 74*, 78*, 2003*, 04 USC
44%
1911*, 12*, 82, 86, Penn St
41%
1950, 55, 56, 74*, 85, 2000 Oklahoma
36%
1914, 44, 45 Army
34%
1875, 90, 98, 99, 10*,12*, 13, 19* Harvard
26%
1874, 76, 77, 80*, 81, 82, 83, 84, 86, 87, 88, 91, 92, 94, 1900, 07, 09, 27* Yale
20%
1934, 35, 36, 40, 41, 60* Minnesota
18%
1928,90 Georgia Tech
17%
1869*, 72, 73, 78, 79, 80*, 85, 89, 93, 96*, 1903*, 06, 11*, 22* Princeton
17%
1910*, 16, 18*, 37, 76, Pittsburgh
12%
1915, 21*, 22* Cornell
10%
1920, 21*, 22*, Cal- Berkeley
7%
1895, 97, 1904*, 08*, Pennsylvania
7%
1919*,23*, 27* Illinois
6%
1919*, 39 Texas A&M
6%
No matching quizzes found
Score Distribution
Percent of People with Each Score
Percentile by Number Answered
Your Score History
You have not taken this quiz